|
|
|
|
| LEADER |
00000cam a2200000 7i4500 |
| 001 |
0000029155 |
| 005 |
20241126.0 |
| 008 |
210413 my d may |
| 020 |
|
|
|a 9789674115609
|
| 040 |
|
|
|a INS
|b eng
|e rda
|
| 090 |
0 |
0 |
|a HG179
|b K59 2015
|
| 100 |
1 |
|
|a Kiyosaki, Robert T. ,
|d 1947- ,
|e author
|
| 245 |
1 |
0 |
|a RICH DAD'S CONSPIRACY OF THE RICH :
|b 8 Peraturan Baru Wang
|c ROBERT T. KIYOSAKI ; Penterjemah: Nor Azila Zainal Abidin ; Suntingan: Norhayati Mat Nor
|
| 246 |
1 |
|
|i Translation of
|a Rich dad's conspiracy of the rich
|
| 250 |
|
|
|a Edisi Bahasa Melayu
|
| 264 |
|
1 |
|a Batu Caves, Selangor :
|b PTS PUBLISHING HOUSE SENDIRIAN BERHAD
|c [2016?]
|
| 264 |
|
4 |
|c ©2015
|
| 300 |
|
|
|a xiii, 352 pages
|e graphs, illustrations ;
|c 23 cm.
|
| 336 |
|
|
|a text
|2 rdacontent
|
| 337 |
|
|
|a unmediated
|2 rdamedia
|
| 338 |
|
|
|a volume
|2 rdacarrier
|
| 500 |
|
|
|a "Buku Rich Dad's Conspiracy of the Rich (Edisi Bahasa Melayu) ini adalah buku yang diterjemahkan secara sah daripada buku asal berjudul Rich Dad's Conspiracy of the Rich oleh Robert Kiyosaki terbitan Rich Dad's Operating Company, LLC." -- Title page verso
|
| 650 |
|
0 |
|a Finance, Personal
|
| 650 |
|
0 |
|a Financial crises
|
| 650 |
|
0 |
|a Investments
|
| 650 |
|
0 |
|a Rich people
|z United States
|
| 650 |
|
0 |
|a Wealth
|x Social aspects
|z United States
|
| 700 |
0 |
|
|a Nor Azila Zainal Abidin ,
|e translator
|
| 700 |
0 |
|
|a Norhayati Mat Nor ,
|e editor
|
| 999 |
|
|
|a 1000004130
|b BOOK
|c Open Shelf
|e Default branch
|